000
00200nam a22000977a 4500
999
_c
261701
_d
261700
020
_a
9780425290118
100
_a
Molly Idle
245
_a
Santa ; Rex
260
_a
New York
_b
Viking
_c
2017
942
_c
BK